000 00707cab a2200241 4500
001 WB2626-34
008 090401t1990 xxu||||| |||| 00| 0 eng d
035 _a(Sirsi) u3307
041 _aeng
245 _aProcedural irregularities and the 1954 act
260 _c1990
350 _a0
490 _aEstates Gazette
_vno 9026 30/6/90 p183
520 _aLooks at procedural irregularities frequently made by practitioners in implementing the Landlord and Tenant Act 1954 Part II
650 _aCASE LAW
650 _aMORROW V NADEEM
650 _aNEGLIGENCE
650 _aPEARSON V ALYO
650 _aSMITH V DRAPER
690 _aPROPERTY-LANDLORD AND TENANT
942 _n0
948 _c04/03/1997
999 _c2021
_d2021